000 00657nam a22002177a 4500
003 OSt
005 20140310181800.0
008 130702t xxu||||| |||| 00| 0 eng d
020 _a9780545237482
050 _aAG 243
_b.B724 2010
082 _aREF 031
_bS368s 2010
245 _aScholastic book of world records 2011./
260 _aNew York :
_bScholastic,
_c2010.
300 _a304 p. ;
_bill. col. ;
_c23 cm. :
500 _aIncludes index
520 _a1. Curiosities and wonders--Juvenile literature. 2. World records--Juvenile literature.
521 _aBasic ed. students
541 _j1
562 _e1
942 _2lcc
_cBK-GR
_kREF
999 _c3582
_d3582